000 00439nam a2200181Ia 4500
001 18758
005 20260306171654.0
008 260306s9999||||xx |||||||||||||| ||und||
041 _aESP
082 _a658.5
_bD11 2009
100 _aD´Alessio Ipinza, Fernando A.
_eAUT
245 0 _aAdministración y dirección de la producción
260 _c2009
300 _a
_c
650 _aGEN
654 _aCAN
942 _cLIB
_dJUS
_fJUS
_2ddc
_n
999 _c18758
_d18758